Datum a čas kvízu
33
Celkem bodů
Celkový počet nahraných bodů na tomto kvízu bez doplňovacích otázek.
2.
Pořadí na kvízu
Konečné umístění týmu na tomto kvízu.
Zaznamenané odpovědi
| # | Otázka | Odpověď | Body | Výsledky |
|---|---|---|---|---|
| 1. | Minulý týden představila Ursul... | mezinárodní partnerství | 0 | |
| 2. | Radní nizozemského města Haag... | C) reklama na cokoli souvisejícího s fosilními palivy | 0 | |
| 3. | Jedna 80letá žena se rozhodla... | z Jižní Koreje | 0 | |
| 4. | Skupina TCF Capital podnikate... | Pilulka | 1 | |
| 5. | Který muž vstoupil do sezóny j... | Radko Gudas | 1 | |
| 6. | Evropský den jazyků se slaví k... | 1C 2A 3D 4B | 0 | |
| 7. | Kašubština patří mezi jazyky: | C | 0 | |
| 8. | Stříška nad písmenem, zvaná té... | pět | 0 | |
| 9. | Vrcholný představitel ruského... | Fjodor Michajlovič Dostojevskij | 1 | |
| 10. | Kterým slovem na pět písmen se... | Banát | 1 |